Dibujo geométrico aplicado á las artes / (Record no. 167569)

MARC details
000 -LEADER
campo de control de longitud fija 00769nam a22001815i 4500
001 - NÚMERO DE CONTROL
campo de control 167569
003 - IDENTIFICADOR DE NÚMERO DE CONTROL
campo de control ES-MaACL
005 - FECHA Y HORA DE LA ÚLTIMA TRANSACCIÓN
campo de control 20230906213543.0
008 - DATOS DE LONGITUD FIJA--INFORMACIÓN GENERAL
campo de control de longitud fija 050926s1835 sp af | |||||||| ||spa d
040 ## - FUENTE DE CATALOGACIÓN
Centro catalogador/agencia de origen CAM
Lengua de catalogación spa
Centro/agencia transcriptor CAM
100 1# - ENTRADA PRINCIPAL--NOMBRE DE PERSONA
Nombre de persona Villanueva, Isaac.
9 (RLIN) 133745
245 10 - MENCIÓN DEL TÍTULO
Título Dibujo geométrico aplicado á las artes /
Mención de responsabilidad, etc. por Isaac Villanueva.
260 ## - PUBLICACIÓN, DISTRIBUCIÓN, ETC.
Lugar de publicación, distribución, etc. Madrid :
Nombre del editor, distribuidor, etc. [s.n.],
Fecha de publicación, distribución, etc. 1835 (
Fabricante Imprenta de Julián Viana Razola)
300 ## - DESCRIPCIÓN FÍSICA
Extensión 1 v. ;
Dimensiones 22 cm.
500 ## - NOTA GENERAL
Nota general Obra adoptada por el Real Conservatorio de Artes para la enseñanza de delineación.
505 8# - NOTA DE CONTENIDO CON FORMATO
Nota de contenido con formato Parte primera: contiene la geometría y proyecciones (76 p., [7] h. de lám. pleg.)
852 ## - LOCALIZACIÓN
Ubicación ES-MaACL
Número de control de estantería T-674-F-6
Nota libre -- Enc. hol.
condición física -- Contiene únicamente parte primera
Nota libre -- Enc. en un vol. facticio
Holdings
Estatus retirado Estado de pérdida Estado de daño No para préstamo Colección Biblioteca de origen Biblioteca actual Ubicación en estantería Fecha de adquisición Total de préstamos Signatura topográfica completa Código de barras Visto por última vez Precio de reemplazo Tipo de ítem Koha
        Colección de folletos Biblioteca del Ateneo de Madrid Biblioteca del Ateneo de Madrid Depósito folletos 17/01/2008   T-674-F-6 1175799 23/02/2023 23/02/2023 Folleto